Szczegóły MARC21

Microsoft Office Project 2003 : das Profibuch /

005 -DATA I CZAS OSTATNIEJ MODYFIKACJI [,]
    • @
    • pole kontrolne
    • 20070315155141.9
020 -Międzynarod. znormalizowany nr książki - ISBN [ , ]
    • a
    • Numer ISBN
    • 3860635964 Find
040 -Instytucja sporządzająca opis [ , ]
    • a
    • Instytucja, która sporządziła opis (NP)
    • SZCZ U
    • c
    • Instytucja, która sporządziła rekord (NP)
    • SZCZ U
041 -Język dokumentu [0, ]
    • a
    • Język tekstu (P)
    • niemiecki
    • h
    • Język tekstu oryginalnego i/lub pośredniego (P)
    • niemiecki
942 -Rodzaj dokumentu [ , ]
    • c
    • Rodzaj dokumentu
    • Książka
100 -Hasło główne - nazwa osobowa [ , ]
    • a
    • Nazwa osobowa (NP)
    • HOLERT, RENKE
245 -Strefa tytułu i oznaczenia odpowiedzialności [1, ]
    • a
    • Tytuł
    • Microsoft Office Project 2003 : Find
    • b
    • Ciąg dalszy tytułu (NP)
    • das Profibuch / Find
    • c
    • Pozostałe elementy strefy tytułu i oznaczenia odpowiedzialności (NP)
    • Renke Holert.
260 -Strefa adresu wydawniczego [ , ]
    • a
    • Miejsce wydania (P)
    • Unterschleissheim :
    • b
    • Nazwa wydawcy (P)
    • "Microsoft Press",
    • c
    • Data wydania (P)
    • cop.2004.
300 -Strefa opisu fizycznego [ , ]
    • a
    • Określenie formy książki i/lub objętość (NP)
    • XX, 617 s. :
    • b
    • Oznaczenie ilustracji (NP)
    • il. :
    • c
    • Format (NP)
    • 24 cm +
    • e
    • Oznaczenie dokumentu towarzyszącego (NP)
    • CD-ROM.
490 -Strefa serii i książki wielotomowej - forma nie do wyszukiwania [0, ]
    • a
    • Tytuł (P)
    • (Fachbibliothek) Find
500 -Uwaga ogólna [ , ]
    • a
    • Uwaga ogólna (NP)
    • Bibliogr.Ind
080 -Uniwersalna Klasyfikacja Dziesiętna [ , ]
    • a
    • Symbol klasyfikacji
    • 004.42(07)=30
080 -Uniwersalna Klasyfikacja Dziesiętna [ , ]
    • a
    • Symbol klasyfikacji
    • :004.65(07)=30
980 -Symbol UKD [ , ]
    • a
    • UKD
    • 004.42:004.65](07)=30
920 -ISBN [ , ]
    • a
    • ISBN
    • 3-86063-596-4 Find
Status udost. Sygnatura Numer inwentarzowy Lokalizacja Data inwentaryzacji
-2FUNDACJA POLSKO-NIEMIECKAS.92260BE2006-02-28